Съчинения (Запис номер 153712)
[ съкратено ]
| 000 -Лидер | |
|---|---|
| Контролно поле с фиксирана дължина | nam a22 a 4500 |
| 003 - Код на организацията, давaща контролен номер | |
| Контролно поле | BLK |
| 005 - Дата и час на последна редакция | |
| Контролно поле | 20230404030250.0 |
| 008 - Елементи от данни с фиксирана дължина | |
| fixed length control field | 180410b bul|||||r ||||||| ||bul|| |
| 010 ## - Наследен системен номер | |
| LC control number | KNG00160247000 |
| 040 ## - Източник на каталожния запис | |
| Идентификатор на билиотеката - собственик на записа | BLK |
| 041 ## - Код за език | |
| Код за езика на текст/звукозапис или на отделно заглавие | Български |
| Код за езика КДБФ | Български |
| 080 ## - УДК | |
| Текстов определител УДК | Българска литература |
| УДК код - определител по УДК | 821.163.2 |
| УДК определител | (081) |
| УДК - код + определител | 821.163.2(081) |
| 080 ## - УДК | |
| Текстов определител УДК | Българска литература |
| УДК код - определител по УДК | 821.163.2 |
| УДК определител | -2 |
| УДК - код + определител | 821.163.2-2 |
| 100 1# - Редна дума - Автор | |
| Автор | Василев, Орлин |
| Автор - информация (биография) | Василев, Христо Петков |
| R(LIN) | 377390 |
| 139 ## - Редно поле | |
| Редна дума | Василев, Орлин |
| Авторски знак | Васи - В 24 |
| 245 10 - Сведения за заглавието | |
| Заглавие | Съчинения |
| Подзаглавни данни | В 5 т. |
| Редно поле (дума) | Орлин Василев; встъп. статия от Розалия Николова Ликова. |
| Том | Т. 3 |
| Заглавие на том | Драми ; Сценарии ; Есета |
| 257 ## - Страна на издаване | |
| Страна на създаване/издаване | България |
| 260 ## - Област на издателските данни | |
| Място на издаване, разпространение и проч. | София |
| Име на издателя, разпространителя и проч. | Нар. култура |
| Година на издаване | 1957 |
| 300 ## - Физическа характеристика | |
| Размери/Мащаб | 21 см |
| 380 ## - Жанр | |
| Жанр | Худож. лит. |
| 700 1# - Други автори (авторска отговорност) | |
| Лично име | Ликова, Розалия Николова |
| Автороска отговорност (Описва отношението между автора и произведението) | встъп. статия от |
| 9 (RLIN) | 380913 |
| 760 1# - Описание на основната серия | |
| Редна дума на основното описание | Василев, Орлин |
| Място на издаване, издател и година | 1957 |
| Страници - том | 588 с. |
| Забележка - том | 8 000 тир. |
| Част - том | Т. 3 |
| Заглавие | Драми ; Сценарии ; Есета |
| 852 ## - Местоположение | |
| Форматна сигнатура | Цб 4827 |
| Фондова буква | Основен фонд - ползва се само за читалня |
| 856 4# - Електронен адрес и достъп | |
| Електронен формат | pdf - файл |
| 856 4# - Електронен адрес и достъп | |
| Електронен формат | pdf - файл |
| 999 ## - СИСТЕМНИ КОНТРОЛНИ НОМЕРА | |
| Koha biblionumber | 153712 |
| Koha biblioitemnumber | 153712 |
| 942 ## - АРТИКУЛИ | |
| Вид на библиотечния материал | Книги |
| Скрит в OPAC | Не |
| Периодичен библиозапис | Да |
| 944 ## - СЪЗДАВАНЕ И РЕДАКЦИЯ на ЗАПИСА | |
| Създаване/Редакция | Създаване |
| Дата на регистрацията/редакция | 30.04.2014 |
| Статус, дата на статуса | 30.04.2014 - от С1,Р / 30.04.2014 |
| Служител, извършил регистрацията/редакцията | Геновева_Генчева |
| 944 ## - СЪЗДАВАНЕ И РЕДАКЦИЯ на ЗАПИСА | |
| Създаване/Редакция | Редакция |
| Дата на регистрацията/редакция | 30.04.2014 |
| Статус, дата на статуса | 30.04.2014 - от С1,Р / 30.04.2014 |
| 999 ## - СИСТЕМНИ КОНТРОЛНИ НОМЕРА | |
| Koha biblioitemnumber | 153712 |
| Код за отписване | Код за изгубен артикул | Източник на класификационната схема | Код за повреда | Коз за рестрикции | Код за отдаване | Артикулен № | Име на библиотеката - собственик | Име на библиотеката, в която се намира в момента | Статус (Текущо местоположение) | Дата на вписване в системата | Местоположение - отдел | Цена в лева | Инвентарен номер | Систематично азбучна сигнатура | Баркод | Номер на екземпляра | Цена в евро | Служебна бележка | Служебен тип на артикула |
|---|---|---|---|---|---|---|---|---|---|---|---|---|---|---|---|---|---|---|---|
| Не е изгубен | Universal Decimal Classification | Не е повреден | само за читалня | ползва се в читалня | 257623 | Регионална библиотека "Любен Каравелов" Русе | Регионална библиотека "Любен Каравелов" Русе | Хранилище | 1956-01-01 | Основен фонд - ползва се само за читалня | 1.78 | 10595/57 | Цб 4827 | 900000080622 | 1 | 0.91 | N: стар фонд Дата: 01.01.1956 | Книги | |
| Изтеглен | Не е изгубен | Universal Decimal Classification | Не е повреден | без рестрикции | заемане за дома | 257624 | Регионална библиотека "Любен Каравелов" Русе | Регионална библиотека "Любен Каравелов" Русе | Заемна - подръчен фонд | 1956-01-01 | Заемна - подръчен фонд | 0.00 | 10596/57 | П 886.7(081)/В 24 | 10596/57 | 2 | 0.00 | N: стар фонд Дата: 01.01.1956 | Книги |
| Изтеглен | Не е изгубен | Universal Decimal Classification | Не е повреден | без рестрикции | заемане за дома | 257625 | Регионална библиотека "Любен Каравелов" Русе | Регионална библиотека "Любен Каравелов" Русе | Заемна - подръчен фонд | 1956-01-01 | Заемна - подръчен фонд | 0.00 | 10598/57 | П 886.7(081)/В 24 | 10598/57 | 3 | 0.00 | N: стар фонд Дата: 01.01.1956 | Книги |
| Изтеглен | Не е изгубен | Universal Decimal Classification | Не е повреден | без рестрикции | заемане за дома | 257626 | Регионална библиотека "Любен Каравелов" Русе | Регионална библиотека "Любен Каравелов" Русе | Заемна - подръчен фонд | 1956-01-01 | Заемна - подръчен фонд | 0.00 | 10599/57 | П 886.7(081)/В 24 | 10599/57 | 4 | 0.00 | N: стар фонд Дата: 01.01.1956 | Книги |